000 01456nam0a22003731 4500
001 RU\NLR\bibl\1247146
005 20260406162236.0
010 _a978-5-8189-1210-3
_910000
021 _aRU
_b2008-35038
_91927
035 _a(nilc)EL/0000196132
035 _a(NLR Aleph) 001233291
090 _a212147
_c212147
100 _a20080528d2008 |||y0rusy50 ca
101 1 _arus
_cfre
102 _aRU
105 _aa |||||||||
200 1 _aВ стране фараонов
_fКристиан Жак
_g[пер. с фр. И. Б. Головановой]
210 _aМосква
_cГелеос
_d2008
215 _a284, [1] с.
_cил., карты
_d21
300 _aПер. изд.: Voyage dans l'Egypte des pharaons/ Christian Jacq. - Perrin, 2002
320 _aБиблиогр.: с. 275
320 _aБиблиогр. в прим.: с. 276-280
454 0 _12001#$aVoyage dans l'Egypte des pharaons$fChristian Jacq
_1700#1$aJacq$bC.$gChristian$4070
_1210##$aPerrin$d2002
_tVoyage dans l'Egypte des pharaons
_aJacq, Christian
686 _a84(4Фра)-4
_vLBC/PL
_2rubbk
700 1 _4070
_8rus
_7ca
_aЖак
_bК.
_f1947-
_gКристиан
_3RU\NLR\AUTH\779167
_9119025
801 0 _aRU
_bНБР Саха
_c20080528
_grcr
801 1 _aRU
_bНБР Саха
_c20080528
801 2 _aRU
_bNLR
_c20080630
_grcr
852 _aNLR
_bОЛСАА-сл-спр
_j3-4818
942 _cBOOK
980 _aNB
980 1 _aSL_SPR